000 00282nam a2200133Ia 4500
008 221030s9999 xx 000 0 und d
041 _aEnglish
082 _a105.23
100 _aC L Arora
245 0 _aOptcial Physics
_cby C L Arora
260 _c0
650 _aB
942 _cBK
999 _c13671
_d13671